[Event "21. Ciutat de Montcada 2013"]
[Site "Montcada i Reixac ESP"]
[Date "2013.07.01"]
[Round "7.3"]
[White "Ortiz Suarez, Isan Reynaldo"]
[Black "Gleizerov, Evgeny"]
[Result "1/2-1/2"]
[WhiteElo "2612"]
[BlackElo "2553"]
[PlyCount "20"]
[EventDate "2013.06.25"]
[EventType "swiss"]
[EventRounds "9"]
[EventCountry "ESP"]
[Source "lmi"]
[SourceDate "2013.06.25"]

1. e4 e6 2. d4 d5 3. Nd2 Nf6 4. e5 Nfd7 5. f4 c5 6. Ngf3 cxd4 7. Nxd4 Nxe5 8.
Nxe6 Bxe6 9. fxe5 Qh4+ 10. g3 Qd4 1/2-1/2

[Event "21. Ciutat de Montcada 2013"]
[Site "Montcada i Reixac ESP"]
[Date "2013.07.01"]
[Round "7.5"]
[White "Cori T., Deysi"]
[Black "Moreno Ruiz, Javier"]
[Result "1-0"]
[WhiteElo "2437"]
[BlackElo "2486"]
[PlyCount "95"]
[EventDate "2013.06.25"]
[EventType "swiss"]
[EventRounds "9"]
[EventCountry "ESP"]
[Source "lmi"]
[SourceDate "2013.06.25"]

1. d4 Nf6 2. Nf3 e6 3. e3 b6 4. Bd3 Bb7 5. O-O d5 6. Nbd2 Bd6 7. Qe2 Ne4 8.
Bb5+ c6 9. Bd3 f5 10. Ne5 Bxe5 11. dxe5 O-O 12. f3 Nc5 13. b4 Nxd3 14. cxd3 Nd7
15. f4 a5 16. bxa5 Rxa5 17. Nb3 Ra4 18. Nd4 Nc5 19. Rb1 Ra6 20. Qc2 Qd7 21. Rd1
Rfa8 22. a3 Na4 23. Bd2 Rc8 24. Bc1 Raa8 25. e4 c5 26. Nb5 d4 27. Nd6 Rf8 28.
Bd2 h6 29. Re1 Kh7 30. h3 Bc6 31. Kh2 Qe7 32. Rg1 g6 33. Rbf1 b5 34. Qc1 Rad8
35. Rf2 fxe4 36. dxe4 Rxd6 37. exd6 Qxd6 38. Qb1 Rf7 39. Rc1 c4 40. Bb4 Qc7 41.
g3 d3 42. Qa1 e5 43. Rcf1 Bxe4 44. fxe5 Rf5 45. Qd4 c3 46. Qxe4 Rxf2+ 47. Rxf2
d2 48. Qc2 1-0

[Event "21. Ciutat de Montcada 2013"]
[Site "Montcada i Reixac ESP"]
[Date "2013.07.01"]
[Round "7.6"]
[White "Cuartas, Jaime Alexander"]
[Black "Rishi, Sardana"]
[Result "1-0"]
[WhiteElo "2484"]
[BlackElo "2308"]
[PlyCount "95"]
[EventDate "2013.06.25"]
[EventType "swiss"]
[EventRounds "9"]
[EventCountry "ESP"]
[Source "lmi"]
[SourceDate "2013.06.25"]

1. e4 e6 2. d4 d5 3. Nc3 Nf6 4. Bg5 dxe4 5. Nxe4 Be7 6. Bxf6 Bxf6 7. Nf3 O-O 8.
Qd2 Nd7 9. O-O-O Be7 10. Kb1 b6 11. Bd3 Bb7 12. c3 Nf6 13. Qc2 Nxe4 14. Bxe4
Bxe4 15. Qxe4 Qd5 16. Rhe1 Bd6 17. h4 Qxe4+ 18. Rxe4 Rad8 19. Kc2 Rfe8 20. a4
h6 21. Rde1 Re7 22. g4 f5 23. gxf5 Rf7 24. Ne5 Bxe5 25. Rxe5 exf5 26. f4 Rd6
27. Rg1 Kh7 28. Re8 c5 29. dxc5 bxc5 30. h5 Ra6 31. b3 c4 32. bxc4 Rxa4 33. c5
Rc7 34. Kb3 Ra6 35. Kb4 Ra2 36. Rf1 Rh2 37. Re6 a5+ 38. Kb5 Rb2+ 39. Kc4 Ra7
40. Rb6 Rc2 41. c6 a4 42. Ra1 a3 43. Kc5 Re2 44. Rb7 Re3 45. c4 Ra5+ 46. Rb5
Ra8 47. c7 Rc8 48. Kd6 1-0

[Event "21. Ciutat de Montcada 2013"]
[Site "Montcada i Reixac ESP"]
[Date "2013.07.01"]
[Round "7.7"]
[White "Ulibin, Mikhail"]
[Black "Munoz Pantoja, Miguel"]
[Result "1-0"]
[WhiteElo "2523"]
[BlackElo "2459"]
[PlyCount "41"]
[EventDate "2013.06.25"]
[EventType "swiss"]
[EventRounds "9"]
[EventCountry "ESP"]
[Source "lmi"]
[SourceDate "2013.06.25"]

1. d4 c5 2. d5 Nf6 3. c4 d6 4. Nc3 g6 5. e4 Bg7 6. Bd3 O-O 7. h3 e6 8. Nf3 exd5
9. cxd5 b5 10. Nxb5 Nxe4 11. Bxe4 Re8 12. Ng5 Qa5+ 13. Nc3 Ba6 14. Qc2 f5 15.
Bd2 Nd7 16. Ne6 fxe4 17. Nxe4 Qb6 18. Bc3 Bh6 19. Bd2 Ne5 20. Bxh6 Qb4+ 21. Bd2
1-0

[Event "21. Ciutat de Montcada 2013"]
[Site "Montcada i Reixac ESP"]
[Date "2013.07.01"]
[Round "7.8"]
[White "Ducarmon, Quinten"]
[Black "Guerra Mendez, Jose Angel"]
[Result "1/2-1/2"]
[WhiteElo "2436"]
[BlackElo "2505"]
[PlyCount "55"]
[EventDate "2013.06.25"]
[EventType "swiss"]
[EventRounds "9"]
[EventCountry "ESP"]
[Source "lmi"]
[SourceDate "2013.06.25"]

1. e4 e5 2. Nf3 Nc6 3. d4 exd4 4. Nxd4 Bc5 5. Nb3 Bb6 6. Nc3 Nge7 7. Qe2 O-O 8.
Be3 f5 9. O-O-O f4 10. Bxb6 axb6 11. Qd2 d6 12. h4 Ne5 13. Be2 Kh8 14. a3 Rf6
15. h5 Bd7 16. Nd4 Ra5 17. Rh4 Qf8 18. g3 f3 19. Bf1 Ra8 20. Rf4 Bg4 21. Nd5
Nxd5 22. exd5 Re8 23. Re1 Qf7 24. Bb5 Re7 25. Rxf6 Qxf6 26. Rh1 h6 27. Qf4 Qg5
28. Kd1 1/2-1/2

[Event "21. Ciutat de Montcada 2013"]
[Site "Montcada i Reixac ESP"]
[Date "2013.07.01"]
[Round "7.9"]
[White "Cruz, Cristhian"]
[Black "Fluvia Poyatos, Jordi"]
[Result "1-0"]
[WhiteElo "2499"]
[BlackElo "2445"]
[PlyCount "125"]
[EventDate "2013.06.25"]
[EventType "swiss"]
[EventRounds "9"]
[EventCountry "ESP"]
[Source "lmi"]
[SourceDate "2013.06.25"]

1. d4 Nf6 2. c4 g6 3. g3 Bg7 4. Bg2 O-O 5. Nc3 Nc6 6. e4 e5 7. dxe5 Nxe5 8. b3
d6 9. h3 Re8 10. Nge2 Ned7 11. Be3 c6 12. O-O Nc5 13. Qc2 Qe7 14. f3 b6 15.
Rad1 Bb7 16. Bd4 a6 17. Rfe1 b5 18. Bf2 Rad8 19. Nd4 b4 20. Nb1 Qf8 21. Rd2
Ncd7 22. Qd1 d5 23. Nxc6 Bxc6 24. cxd5 Bb7 25. f4 Qd6 26. Rde2 Nxe4 27. Bxe4
Nf6 28. Nd2 Bxd5 29. Nc4 Bxc4 30. Qxd6 Rxd6 31. bxc4 Nxe4 32. Rxe4 Rxe4 33.
Rxe4 Re6 34. Rxe6 fxe6 35. c5 Kf7 36. c6 Ke7 37. Bc5+ Kd8 38. Bb6+ Ke7 39. Bc7
Bd4+ 40. Kf1 Bc5 41. Ke2 Bd6 42. Ba5 Bc5 43. Bc7 Bd6 44. Bb6 e5 45. Kf3 exf4
46. gxf4 Ke6 47. Ke4 Be7 48. Bc7 Bd6 49. Bb6 Be7 50. Bd4 Bd6 51. Be5 Bxe5 52.
fxe5 a5 53. Kd4 a4 54. Kc4 b3 55. axb3 a3 56. Kc3 g5 57. b4 h5 58. b5 g4 59.
hxg4 hxg4 60. b6 a2 61. Kb2 g3 62. c7 Kd7 63. e6+ 1-0

[Event "21. Ciutat de Montcada 2013"]
[Site "Montcada i Reixac ESP"]
[Date "2013.07.01"]
[Round "7.10"]
[White "Martinez Ramirez, Erik"]
[Black "Perez Mitjans, Orelvis"]
[Result "1-0"]
[WhiteElo "2306"]
[BlackElo "2496"]
[PlyCount "73"]
[EventDate "2013.06.25"]
[EventType "swiss"]
[EventRounds "9"]
[EventCountry "ESP"]
[Source "lmi"]
[SourceDate "2013.06.25"]

1. e4 e6 2. Nf3 d5 3. Nc3 Nf6 4. e5 Nfd7 5. d4 c5 6. dxc5 Nc6 7. Bf4 a6 8. a3
Nxc5 9. h4 b5 10. h5 h6 11. Rh3 Bb7 12. Bd3 b4 13. axb4 Nxd3+ 14. cxd3 Bxb4 15.
Kf1 Rc8 16. Rg3 Kf8 17. Rg4 a5 18. Nb5 Ba6 19. Nbd4 Bc5 20. Nxc6 Rxc6 21. Be3
Bxe3 22. fxe3 Qb6 23. Nd4 Rc7 24. Qd2 Kg8 25. Kg1 Kh7 26. Rxa5 Rc1+ 27. Qxc1
Qxa5 28. Qf1 Qd2 29. Rg3 Qxb2 30. Qxf7 Rg8 31. Qxe6 Qb1+ 32. Kh2 Bxd3 33. Qxd5
Kh8 34. Qf7 Qb8 35. Nc6 Qf8 36. e6 Be4 37. Ne7 1-0

[Event "21. Ciutat de Montcada 2013"]
[Site "Montcada i Reixac ESP"]
[Date "2013.07.01"]
[Round "7.11"]
[White "Garriga Cazorla, Pere"]
[Black "Narayanan, Srinath"]
[Result "1-0"]
[WhiteElo "2090"]
[BlackElo "2464"]
[PlyCount "77"]
[EventDate "2013.06.25"]
[EventType "swiss"]
[EventRounds "9"]
[EventCountry "ESP"]
[Source "lmi"]
[SourceDate "2013.06.25"]

1. Nf3 c5 2. c4 Nc6 3. d4 cxd4 4. Nxd4 Nf6 5. Nc3 e6 6. a3 Be7 7. e4 O-O 8. Nf3
Qc7 9. Be2 b6 10. O-O Bb7 11. Bg5 Rad8 12. Bh4 a6 13. Bg3 d6 14. Rc1 Qb8 15.
Nd2 Qa8 16. Re1 Ne5 17. Bf1 Ned7 18. b4 Rc8 19. f4 Rfd8 20. Qe2 Bf8 21. e5 dxe5
22. fxe5 Ne8 23. Nde4 Nb8 24. Qf2 Bxe4 25. Nxe4 Qb7 26. c5 bxc5 27. bxc5 Rc6
28. Nd6 Qa7 29. Bd3 Nxd6 30. cxd6 Qxf2+ 31. Bxf2 f6 32. Rxc6 Nxc6 33. Bb6 Rd7
34. Bc4 Nd8 35. Bc7 fxe5 36. Rd1 e4 37. Bxa6 e3 38. Bb5 Bxd6 39. Bxd6 1-0

[Event "21. Ciutat de Montcada 2013"]
[Site "Montcada i Reixac ESP"]
[Date "2013.07.01"]
[Round "7.12"]
[White "Peralta, Fernando"]
[Black "Panelo, Marcelo"]
[Result "1/2-1/2"]
[WhiteElo "2622"]
[BlackElo "2428"]
[PlyCount "142"]
[EventDate "2013.06.25"]
[EventType "swiss"]
[EventRounds "9"]
[EventCountry "ESP"]
[Source "lmi"]
[SourceDate "2013.06.25"]

1. d4 Nf6 2. c4 e6 3. Nc3 Bb4 4. e3 O-O 5. Nf3 d5 6. a3 Bxc3+ 7. bxc3 b6 8. Bd3
Ba6 9. cxd5 Bxd3 10. Qxd3 exd5 11. O-O Nc6 12. Nd2 Na5 13. Bb2 c5 14. dxc5 Rc8
15. cxb6 axb6 16. a4 Nc4 17. Nxc4 Rxc4 18. Ba3 Re8 19. Bb4 Qb8 20. h3 Qe5 21.
a5 bxa5 22. Rxa5 Rec8 23. Rfa1 Qe4 24. Qd1 h6 25. Ra7 Qf5 26. Qb1 Qxb1+ 27.
Rxb1 Ne4 28. Rd7 Nxc3 29. Bxc3 Rxc3 30. Rbb7 Rf8 31. Rxd5 Rc1+ 32. Kh2 Rc2 33.
f4 Ra8 34. Kg3 Re8 35. Kf3 Rc3 36. Re5 Rxe5 37. fxe5 Kf8 38. h4 Rc4 39. h5 Rc5
40. Kf4 Rc4+ 41. Kf5 Rc3 42. Rb8+ Ke7 43. Rg8 Rxe3 44. Rxg7 Re2 45. g4 Rf2+ 46.
Ke4 Re2+ 47. Kf4 Rf2+ 48. Kg3 Re2 49. Rh7 Rxe5 50. Rxh6 Kf8 51. Rd6 Kg7 52. h6+
Kh7 53. Kf4 Ra5 54. g5 Rb5 55. Rd8 Rb1 56. Rf8 Rf1+ 57. Kg4 Rf2 58. Ra8 Rf1 59.
Ra6 Kg8 60. Ra4 Rg1+ 61. Kf5 Rf1+ 62. Rf4 Ra1 63. Re4 Rf1+ 64. Ke5 Rg1 65. Kf6
Rf1+ 66. Ke7 Rf5 67. Rg4 Re5+ 68. Kf6 Re6+ 69. Kf5 Re2 70. Rf4 Re1 71. Rf2 Ra1
1/2-1/2

[Event "21. Ciutat de Montcada 2013"]
[Site "Montcada i Reixac ESP"]
[Date "2013.07.01"]
[Round "7.13"]
[White "Lorenzo De La Riva, Lazaro"]
[Black "Pancevski, Filip"]
[Result "1-0"]
[WhiteElo "2424"]
[BlackElo "2513"]
[PlyCount "67"]
[EventDate "2013.06.25"]
[EventType "swiss"]
[EventRounds "9"]
[EventCountry "ESP"]
[Source "lmi"]
[SourceDate "2013.06.25"]

1. e4 g6 2. d4 Bg7 3. Nc3 c6 4. f4 d5 5. e5 Nh6 6. Be2 f6 7. Nf3 Bg4 8. Be3 Nf5
9. Bf2 O-O 10. g3 Nd7 11. Qd2 Bh6 12. Ng1 Bxe2 13. Qxe2 fxe5 14. dxe5 e6 15. h4
Qa5 16. Nf3 Nb6 17. Nd2 Na4 18. Nxa4 Qxa4 19. c3 b6 20. b3 Qa5 21. b4 Qa3 22.
Nb3 Rac8 23. O-O c5 24. bxc5 bxc5 25. c4 a5 26. Kg2 a4 27. Nd2 Rfd8 28. cxd5
exd5 29. Nf3 Re8 30. Rab1 Bf8 31. h5 c4 32. hxg6 hxg6 33. g4 Ng7 34. Nd4 1-0

[Event "21. Ciutat de Montcada 2013"]
[Site "Montcada i Reixac ESP"]
[Date "2013.07.01"]
[Round "7.14"]
[White "Gagare, Shardul"]
[Black "Deepan, Chakkravarthy J"]
[Result "0-1"]
[WhiteElo "2407"]
[BlackElo "2468"]
[PlyCount "96"]
[EventDate "2013.06.25"]
[EventType "swiss"]
[EventRounds "9"]
[EventCountry "ESP"]
[Source "lmi"]
[SourceDate "2013.06.25"]

1. c4 e5 2. g3 Nc6 3. Bg2 Nf6 4. Nc3 Bc5 5. a3 a5 6. e3 O-O 7. Nge2 Re8 8. O-O
h6 9. h3 d6 10. b3 Bf5 11. d3 Qd7 12. Kh2 Ba7 13. Bb2 Nd8 14. e4 Bh7 15. f4 Ne6
16. Nb5 Nc5 17. b4 Na6 18. Nxa7 Rxa7 19. b5 Nc5 20. g4 Qe7 21. f5 Kh8 22. Bc1
c6 23. Ng3 Ng8 24. Be3 cxb5 25. cxb5 b6 26. Ra2 a4 27. Ne2 Rc8 28. Nc3 Qd8 29.
Nd5 Ne7 30. Nb4 f6 31. h4 Bg8 32. Raf2 Bb3 33. Qe2 Qe8 34. g5 Qxb5 35. gxf6
gxf6 36. Bxh6 Ng8 37. Be3 Rh7 38. Bf3 Bf7 39. Kh3 Ne7 40. Rg1 Qd7 41. d4 Nb3
42. d5 b5 43. Rfg2 Rc4 44. Rg4 Bh5 45. R4g3 Rxe4 46. Bxh5 Qxf5+ 47. Rg4 Rxh5
48. Qd3 Qf3+ 0-1

[Event "21. Ciutat de Montcada 2013"]
[Site "Montcada i Reixac ESP"]
[Date "2013.07.01"]
[Round "7.15"]
[White "Arjun, Bharat"]
[Black "Satyapragyan, Swayangsu"]
[Result "0-1"]
[WhiteElo "2298"]
[BlackElo "2464"]
[PlyCount "94"]
[EventDate "2013.06.25"]
[EventType "swiss"]
[EventRounds "9"]
[EventCountry "ESP"]
[Source "lmi"]
[SourceDate "2013.06.25"]

1. d4 Nf6 2. c4 e6 3. g3 c5 4. d5 exd5 5. cxd5 d6 6. Nc3 g6 7. Nf3 Bg7 8. Bg2
O-O 9. O-O Re8 10. Nd2 a6 11. a4 Nbd7 12. h3 Rb8 13. Nc4 Ne5 14. Na3 Nh5 15.
Kh2 f5 16. Rb1 Bd7 17. b4 b6 18. Bd2 Nf7 19. b5 a5 20. Nc4 Qe7 21. Re1 f4 22.
g4 Qh4 23. gxh5 Ng5 24. hxg6 Nxh3 25. gxh7+ Kh8 26. Qc2 Nxf2+ 27. Kg1 Ng4 28.
Ne4 Bd4+ 29. e3 Rf8 30. exd4 Qh2+ 31. Kf1 f3 32. Bc3 fxg2+ 33. Ke2 g1=Q+ 34.
Kd1 Qxc2+ 35. Kxc2 Qg2+ 36. Kb3 Rf3 37. dxc5+ Rxc3+ 38. Nxc3 Bf5 39. Rb2 Qg3
40. Re7 bxc5 41. Nxa5 Ne3 42. Rd2 c4+ 43. Kb4 Qe1 44. Nxc4 Nc2+ 45. Rxc2 Qxe7
46. Rf2 Bd3 47. Na3 Qxh7 0-1

[Event "21. Ciutat de Montcada 2013"]
[Site "Montcada i Reixac ESP"]
[Date "2013.07.01"]
[Round "7.16"]
[White "Neelotpal, Das"]
[Black "Laxman, R.R."]
[Result "1/2-1/2"]
[WhiteElo "2461"]
[BlackElo "2397"]
[PlyCount "86"]
[EventDate "2013.06.25"]
[EventType "swiss"]
[EventRounds "9"]
[EventCountry "ESP"]
[Source "lmi"]
[SourceDate "2013.06.25"]

1. e4 e5 2. Nf3 Nc6 3. Bb5 Nf6 4. d3 Bc5 5. Nc3 O-O 6. O-O d6 7. Na4 Nd4 8.
Nxd4 Bxd4 9. c3 a6 10. cxd4 axb5 11. Nc3 c6 12. Ne2 Re8 13. dxe5 dxe5 14. h3
Nd7 15. Qc2 Nf8 16. f4 exf4 17. Bxf4 Ng6 18. Bh2 Be6 19. b3 Qg5 20. Nf4 Nxf4
21. Bxf4 Qg6 22. Rf3 Qf6 23. Raf1 Qd4+ 24. Be3 Qd6 25. Qf2 f6 26. Rg3 Bf7 27.
Bc5 Qe6 28. Bd4 Bg6 29. h4 Kh8 30. Qe3 Re7 31. Bc3 Rf7 32. Rf2 Bh5 33. Rf5 Bg6
34. Rf2 Bh5 35. Qc5 Bg4 36. h5 b6 37. Qxb6 Bxh5 38. Rf5 Bg6 39. Rxb5 Rfa7 40.
Rc5 Ra6 41. Qc7 Rc8 42. Qf4 Rxa2 43. b4 Ra7 1/2-1/2

[Event "21. Ciutat de Montcada 2013"]
[Site "Montcada i Reixac ESP"]
[Date "2013.07.01"]
[Round "7.18"]
[White "Rios, Cristhian Camilo"]
[Black "Herraiz Hidalgo, Herminio"]
[Result "0-1"]
[WhiteElo "2360"]
[BlackElo "2447"]
[PlyCount "44"]
[EventDate "2013.06.25"]
[EventType "swiss"]
[EventRounds "9"]
[EventCountry "ESP"]
[Source "lmi"]
[SourceDate "2013.06.25"]

1. d4 Nf6 2. c4 g6 3. Nc3 Bg7 4. e4 d6 5. f3 O-O 6. Bg5 a6 7. Qd2 Nbd7 8. Nh3
c5 9. d5 b5 10. cxb5 Qa5 11. a4 Nb6 12. Nf2 axb5 13. Bxb5 Bd7 14. O-O Bxb5 15.
axb5 Qxa1 16. Rxa1 Rxa1+ 17. Nfd1 Nfd7 18. Qe2 Bd4+ 19. Be3 Bxc3 20. bxc3 Rfa8
21. Bd2 R8a2 22. h4 Nc4 0-1

[Event "21. Ciutat de Montcada 2013"]
[Site "Montcada i Reixac ESP"]
[Date "2013.07.01"]
[Round "7.19"]
[White "Saptarshi, Roy"]
[Black "Cruz Lledo, Pablo"]
[Result "1-0"]
[WhiteElo "2447"]
[BlackElo "2258"]
[PlyCount "47"]
[EventDate "2013.06.25"]
[EventType "swiss"]
[EventRounds "9"]
[EventCountry "ESP"]
[Source "lmi"]
[SourceDate "2013.06.25"]

1. e4 c5 2. Nf3 d6 3. d4 Nf6 4. Nc3 cxd4 5. Nxd4 a6 6. Bc4 e6 7. Bb3 b5 8. Bg5
Nbd7 9. O-O Nc5 10. f4 Be7 11. e5 Nxb3 12. axb3 dxe5 13. fxe5 Bc5 14. Ncxb5
axb5 15. Rxa8 Bxd4+ 16. Kh1 Bxe5 17. Qe2 Bd6 18. Qxb5+ Ke7 19. Ra7+ Bd7 20. Rd1
Qc8 21. Qb6 Bb8 22. Qb4+ Kd8 23. Raxd7+ Qxd7 24. Qxb8+ 1-0

[Event "21. Ciutat de Montcada 2013"]
[Site "Montcada i Reixac ESP"]
[Date "2013.07.02"]
[Round "8.1"]
[White "Flores Rios, Mauricio"]
[Black "Cabrera, Alexis"]
[Result "1-0"]
[WhiteElo "2492"]
[BlackElo "2525"]
[PlyCount "97"]
[EventDate "2013.06.25"]
[EventType "swiss"]
[EventRounds "9"]
[EventCountry "ESP"]
[Source "lmi"]
[SourceDate "2013.06.25"]

1. d4 Nf6 2. c4 g6 3. Nc3 d5 4. cxd5 Nxd5 5. Bd2 Bg7 6. e4 Nxc3 7. Bxc3 O-O 8.
Be2 c5 9. d5 e6 10. Nf3 exd5 11. exd5 Bg4 12. O-O Qd6 13. Qb3 b6 14. Rfe1 Bxf3
15. Bxf3 Nd7 16. Qa4 Bxc3 17. bxc3 Ne5 18. Be2 c4 19. Bxc4 Ng4 20. f3 Qf6 21.
Rf1 Qxc3 22. Qb3 Qf6 23. Rad1 Ne5 24. Be2 Nd7 25. Bb5 Qd6 26. Rfe1 Nc5 27. Qe3
Rfd8 28. Qd4 Rac8 29. h4 h5 30. Re3 Qf8 31. d6 Ne6 32. Qd3 Nc5 33. Qd5 Ne6 34.
d7 Rc5 35. Qd3 Qe7 36. Bc4 Kg7 37. Bxe6 fxe6 38. Re4 Qf6 39. Rd4 Qf5 40. Qa3 a6
41. R4d2 Kf7 42. Rd4 Ke7 43. Rd6 Qc2 44. Qe3 Qf5 45. Rxb6 Rxd7 46. Rxe6+ Kd8
47. Re1 Kc7 48. Rf6 Qd5 49. Rxg6 1-0

[Event "21. Ciutat de Montcada 2013"]
[Site "Montcada i Reixac ESP"]
[Date "2013.07.02"]
[Round "8.2"]
[White "Cori, Jorge"]
[Black "Burmakin, Vladimir"]
[Result "1/2-1/2"]
[WhiteElo "2549"]
[BlackElo "2575"]
[PlyCount "31"]
[EventDate "2013.06.25"]
[EventType "swiss"]
[EventRounds "9"]
[EventCountry "ESP"]
[Source "lmi"]
[SourceDate "2013.06.25"]

1. d4 Nf6 2. c4 e6 3. Nf3 b6 4. g3 Bb7 5. Bg2 Be7 6. O-O O-O 7. b3 d5 8. cxd5
exd5 9. Nc3 Ne4 10. Bb2 Nxc3 11. Bxc3 Nd7 12. Rc1 Re8 13. Re1 Nf6 14. Qc2 a5
15. Ne5 c6 16. Bb2 1/2-1/2

[Event "21. Ciutat de Montcada 2013"]
[Site "Montcada i Reixac ESP"]
[Date "2013.07.02"]
[Round "8.3"]
[White "Gleizerov, Evgeny"]
[Black "Cuartas, Jaime Alexander"]
[Result "1-0"]
[WhiteElo "2553"]
[BlackElo "2484"]
[PlyCount "91"]
[EventDate "2013.06.25"]
[EventType "swiss"]
[EventRounds "9"]
[EventCountry "ESP"]
[Source "lmi"]
[SourceDate "2013.06.25"]

1. d4 d5 2. c4 c6 3. Nf3 Nf6 4. Nc3 dxc4 5. a4 Bf5 6. e3 e6 7. Bxc4 Bb4 8. O-O
O-O 9. Nh4 Bg4 10. f3 Bh5 11. g4 Nd5 12. Ng2 Bg6 13. Na2 Bd6 14. e4 Nb6 15. Bb3
c5 16. a5 Nc8 17. d5 Qxa5 18. dxe6 Nc6 19. Be3 Qc7 20. f4 Bxe4 21. Nc3 Bxg2 22.
exf7+ Kh8 23. Kxg2 Nd8 24. Qd3 Nxf7 25. Bc2 g6 26. Nd5 Qd8 27. Bd2 Rg8 28. Bc3+
Rg7 29. Bxg7+ Kxg7 30. Rad1 Qh4 31. Qc3+ Kf8 32. g5 b5 33. Qf3 Rb8 34. Nf6 Nb6
35. Kh1 c4 36. Rd2 b4 37. Rg2 Kg7 38. Rg4 Nxg5 39. Qg2 Qh3 40. fxg5 Qxg2+ 41.
Kxg2 b3 42. Bb1 Be5 43. Re4 Bxb2 44. Re7+ Kf8 45. Rxh7 Bxf6 46. gxf6 1-0

[Event "21. Ciutat de Montcada 2013"]
[Site "Montcada i Reixac ESP"]
[Date "2013.07.02"]
[Round "8.4"]
[White "Cori T., Deysi"]
[Black "Ulibin, Mikhail"]
[Result "0-1"]
[WhiteElo "2437"]
[BlackElo "2523"]
[PlyCount "76"]
[EventDate "2013.06.25"]
[EventType "swiss"]
[EventRounds "9"]
[EventCountry "ESP"]
[Source "lmi"]
[SourceDate "2013.06.25"]

1. d4 e6 2. c4 f5 3. Nc3 Nf6 4. Nf3 Bb4 5. Qb3 Qe7 6. Bg5 O-O 7. e3 b6 8. O-O-O
Bxc3 9. Qxc3 Bb7 10. d5 Na6 11. Bd3 Nc5 12. Bc2 Nce4 13. Bxe4 fxe4 14. Ne5 exd5
15. cxd5 Qe8 16. Bxf6 Rxf6 17. Kb1 Rxf2 18. Qxc7 Ba6 19. Ng4 Re2 20. Rc1 Qe7
21. a3 Re8 22. Rhe1 Rd2 23. Qg3 h5 24. Nh6+ Kh7 25. Nf5 Qe5 26. Nd4 Qxg3 27.
hxg3 Rf8 28. Red1 Rxg2 29. Rg1 Rd2 30. Rcd1 Rdf2 31. Rh1 Kg8 32. Rh4 Bd3+ 33.
Ka1 Rg2 34. Rf4 Rxf4 35. gxf4 Rg3 36. f5 Rg5 37. Rh1 h4 38. Rh2 h3 0-1

[Event "21. Ciutat de Montcada 2013"]
[Site "Montcada i Reixac ESP"]
[Date "2013.07.02"]
[Round "8.5"]
[White "Nisipeanu, Liviu-Dieter"]
[Black "Cruz, Cristhian"]
[Result "1-0"]
[WhiteElo "2667"]
[BlackElo "2499"]
[PlyCount "57"]
[EventDate "2013.06.25"]
[EventType "swiss"]
[EventRounds "9"]
[EventCountry "ESP"]
[Source "lmi"]
[SourceDate "2013.06.25"]

1. d4 Nf6 2. c4 e6 3. Nc3 Bb4 4. e3 Bxc3+ 5. bxc3 c5 6. Bd3 d6 7. Nf3 Nc6 8.
O-O e5 9. Nd2 O-O 10. Re1 Re8 11. d5 Ne7 12. e4 g6 13. Nf1 Nh5 14. g3 Ng7 15.
f4 Bd7 16. Rb1 Qc7 17. Ne3 f5 18. fxe5 dxe5 19. exf5 gxf5 20. Ng4 fxg4 21. d6
Qc8 22. dxe7 Rxe7 23. Bg5 Re6 24. Be4 Bc6 25. Bd5 Kh8 26. Qxg4 Re8 27. Qe4 Bxd5
28. cxd5 b6 29. d6 1-0

[Event "21. Ciutat de Montcada 2013"]
[Site "Montcada i Reixac ESP"]
[Date "2013.07.02"]
[Round "8.6"]
[White "Ortiz Suarez, Isan Reynaldo"]
[Black "Martinez Ramirez, Erik"]
[Result "1-0"]
[WhiteElo "2612"]
[BlackElo "2306"]
[PlyCount "47"]
[EventDate "2013.06.25"]
[EventType "swiss"]
[EventRounds "9"]
[EventCountry "ESP"]
[Source "lmi"]
[SourceDate "2013.06.25"]

1. e4 c5 2. Nf3 e6 3. d4 cxd4 4. Nxd4 a6 5. c4 Nf6 6. Nc3 Qc7 7. a3 d6 8. Be2
Be7 9. O-O O-O 10. Be3 Nbd7 11. f3 b6 12. Qd2 Bb7 13. Rfc1 Rac8 14. a4 Qb8 15.
a5 Bd8 16. axb6 Nxb6 17. b3 Re8 18. Kh1 d5 19. exd5 exd5 20. Nf5 Qe5 21. Bd3
Ne4 22. fxe4 dxe4 23. Bxe4 Bxe4 24. Nxe4 1-0

[Event "21. Ciutat de Montcada 2013"]
[Site "Montcada i Reixac ESP"]
[Date "2013.07.02"]
[Round "8.7"]
[White "Guerra Mendez, Jose Angel"]
[Black "Garriga Cazorla, Pere"]
[Result "1-0"]
[WhiteElo "2505"]
[BlackElo "2090"]
[PlyCount "79"]
[EventDate "2013.06.25"]
[EventType "swiss"]
[EventRounds "9"]
[EventCountry "ESP"]
[Source "lmi"]
[SourceDate "2013.06.25"]

1. e4 c5 2. Nf3 d6 3. d4 cxd4 4. Nxd4 Nf6 5. Nc3 a6 6. g3 e5 7. Nb3 Be7 8. Bg2
Bg4 9. Qd3 O-O 10. O-O Be6 11. a4 Nbd7 12. Nd5 Nxd5 13. exd5 Bg4 14. Be3 Bh5
15. c4 Rc8 16. Rfc1 f5 17. f4 g5 18. c5 gxf4 19. gxf4 exf4 20. Bxf4 Ne5 21.
Qg3+ Ng6 22. Bxd6 f4 23. Qh3 Bxd6 24. Qxh5 Be5 25. Be4 Qf6 26. Kh1 Rc7 27. Rg1
Rg7 28. Rg5 Bd4 29. Rf5 Qe7 30. Rxf8+ Nxf8 31. Qf5 Be3 32. d6 Qe8 33. Na5 Kh8
34. Nxb7 Nd7 35. Bd5 Nxc5 36. Nxc5 Bxc5 37. Qxf4 Qd8 38. Rc1 Bxd6 39. Qxd6 Rg1+
40. Rxg1 1-0

[Event "21. Ciutat de Montcada 2013"]
[Site "Montcada i Reixac ESP"]
[Date "2013.07.02"]
[Round "8.9"]
[White "Valdes, Leonardo"]
[Black "Escobar Forero, Alder"]
[Result "1/2-1/2"]
[WhiteElo "2436"]
[BlackElo "2468"]
[PlyCount "100"]
[EventDate "2013.06.25"]
[EventType "swiss"]
[EventRounds "9"]
[EventCountry "ESP"]
[Source "lmi"]
[SourceDate "2013.06.25"]

1. Nf3 c5 2. c4 Nc6 3. Nc3 g6 4. g3 Bg7 5. Bg2 Nh6 6. a3 Nf5 7. Rb1 O-O 8. O-O
a5 9. d3 d6 10. Bd2 Bd7 11. Ne1 Rb8 12. e3 e6 13. Nc2 Qe7 14. b4 axb4 15. axb4
Nxb4 16. Nxb4 cxb4 17. Nb5 Bxb5 18. cxb5 Bc3 19. Bxc3 bxc3 20. Qb3 Rfc8 21.
Rfc1 d5 22. Rxc3 d4 23. Rxc8+ Rxc8 24. e4 Rc3 25. Qa4 Ra3 26. Qc4 Rc3 27. Qa2
Nh6 28. e5 b6 29. Qa8+ Kg7 30. Qe4 Qc5 31. Qf4 Ng8 32. Be4 Qc7 33. Ra1 Rc5 34.
Bc6 Qxe5 35. Qxe5+ Rxe5 36. Ra6 Ne7 37. Rxb6 Nxc6 38. bxc6 Rc5 39. Kf1 Kf6 40.
Ke2 Ke5 41. Rb7 f5 42. Rxh7 Rxc6 43. f4+ Kf6 44. Rd7 Rc2+ 45. Kf3 Rxh2 46. Rxd4
g5 47. fxg5+ Kxg5 48. Rd8 Ra2 49. Rg8+ Kf6 50. g4 fxg4+ 1/2-1/2

[Event "21. Ciutat de Montcada 2013"]
[Site "Montcada i Reixac ESP"]
[Date "2013.07.02"]
[Round "8.10"]
[White "Deepan, Chakkravarthy J"]
[Black "Ducarmon, Quinten"]
[Result "1/2-1/2"]
[WhiteElo "2468"]
[BlackElo "2436"]
[PlyCount "39"]
[EventDate "2013.06.25"]
[EventType "swiss"]
[EventRounds "9"]
[EventCountry "ESP"]
[Source "lmi"]
[SourceDate "2013.06.25"]

1. d4 d5 2. c4 c6 3. cxd5 cxd5 4. Bf4 Nc6 5. e3 Nf6 6. Nc3 e6 7. Nf3 Bd6 8.
Bxd6 Qxd6 9. Bb5 Bd7 10. O-O O-O 11. Bxc6 Bxc6 12. Ne5 Rfc8 13. Qb3 Rc7 14.
Rac1 Rac8 15. Rc2 Ne4 16. f3 Nxc3 17. Rxc3 Be8 18. Rfc1 b6 19. Rxc7 Rxc7 20.
Rc3 1/2-1/2